书目信息 |
| 题名: |
汉译简明英国法律辞典
|
|
| 作者: | 余文景 编译 | |
| 分册: | ||
| 出版信息: | 香港 大地出版公司出版 1973.1 |
|
| 页数: | 622页 | |
| 开本: | 32开 | |
| 丛书名: | ||
| 单 册: | ||
| 中图分类: | D9-61 | |
| 科图分类: | ||
| 主题词: | 法律 | |
| 电子资源: | ||
| ISBN: | ||
| 000 | 00736nam0 2200229 45 | |
| 001 | 0210211065 | |
| 005 | 20031219104058.5 | |
| 010 | @dCNY3.00@b精装 | |
| 100 | @a20021021d19731973km y0chiy0120 ea | |
| 101 | 0 | @achi |
| 105 | @a z 000yy | |
| 200 | 1 | @a汉译简明英国法律辞典@AHan Yi Jian Ming Ying Guo Fa Lu Ci Dian@dA CONCISE DICTIONARY OF ENGLISG LAW IN CHINESE TRANSLATION@f余文景编译@FYu Wen Jing Bian Yi |
| 205 | @a修定本 | |
| 210 | @a香港@c大地出版公司出版@d1973.1@h1980.8 | |
| 215 | @a622页@d32开 | |
| 300 | @a内部参考 | |
| 510 | @aA CONCISE DICTIONARY OF ENGLISG LAW IN CHINESE TRANSLATION | |
| 606 | 0 | @a法律 |
| 690 | @aD9-61@v3 | |
| 701 | 0 | @a余文景@4编译 |
| 801 | @aCN@bTSTC@c20021021 | |
| 905 | @b166184@dD9-61@e102@f1 | |
| 汉译简明英国法律辞典=A CONCISE DICTIONARY OF ENGLISG LAW IN CHINESE TRANSLATION/余文景编译.-修定本.-香港:大地出版公司出版,1973.1(1980.8) |
| 622页;32开 |
| 内部参考.-←并列题名:A CONCISE DICTIONARY OF ENGLISG LAW IN CHINESE TRANSLATION |
| ISBN (精装):CNY3.00 |
| ● |
| 相关链接 |
|
|
|
|
正题名:汉译简明英国法律辞典
索取号:D9-61/102
 
预约/预借
| 序号 | 登录号 | 条形码 | 馆藏地/架位号 | 状态 | 备注 |
| 1 | 0166184 | 001611321 | 工具书阅览室/ [索取号:D9-61/102] | 在馆 | |
| 2 | 0166185 | 001580747 | 第一样本阅览室/ [索取号:D9-61/102] | 在馆 |